[Event "Madrid 2022-2023 ch - Previa A"]
[Site "Madrid ESP"]
[Date "2023.02.13"]
[Round "4.24"]
[White "Martinez Miura, Enrique"]
[Black "Barahona Torrijos, Angel"]
[Result "1/2-1/2"]
[WhiteElo "1494"]
[BlackElo "1761"]
[PlyCount "82"]
[EventDate "2023.02.06"]
[EventType "swiss"]
[EventRounds "9"]
[EventCountry "ESP"]
[SourceTitle "Ajedrez en Madrid"]
[Source "lmi"]
[SourceDate "2023.02.06"]
[SourceVersion "1"]
[SourceVersionDate "2023.03.03"]
[SourceQuality "1"]

1. e4 e5 2. Nf3 Nc6 3. Bb5 a6 4. Ba4 Nf6 5. O-O Nxe4 6. Bxc6 dxc6 7. Re1 Nf6 8.
Nxe5 Be6 9. Nc3 Bc5 10. h3 Qd4 11. Qe2 O-O-O 12. d3 Qh4 13. Nf3 Qh5 14. Ng5
Qxe2 15. Rxe2 Rde8 16. Nxe6 Rxe6 17. Rxe6 fxe6 18. Bf4 Bd6 19. Be3 Nd5 20. Nxd5
cxd5 21. f4 e5 22. fxe5 Bxe5 23. d4 Bf6 24. c3 Re8 25. Re1 Kd7 26. Kf2 b6 27.
Bd2 Rxe1 28. Kxe1 c5 29. dxc5 bxc5 30. b3 Kc6 31. Ke2 c4 32. g4 Kc5 33. Kd1 a5
34. g5 Be5 35. Ke2 g6 36. Kd1 Kb5 37. Kc2 a4 38. bxa4+ Kxa4 39. Bc1 Bg7 40. Kd2
Be5 41. Kc2 Bg7 1/2-1/2

[Event "Madrid 2022-2023 ch - Previa A"]
[Site "Madrid ESP"]
[Date "2023.02.13"]
[Round "4.25"]
[White "Casal Martin, Jose Manuel"]
[Black "Carrera Cabaneros, Francisco"]
[Result "1-0"]
[WhiteElo "1430"]
[BlackElo "1757"]
[PlyCount "83"]
[EventDate "2023.02.06"]
[EventType "swiss"]
[EventRounds "9"]
[EventCountry "ESP"]
[SourceTitle "Ajedrez en Madrid"]
[Source "lmi"]
[SourceDate "2023.02.06"]
[SourceVersion "1"]
[SourceVersionDate "2023.03.03"]
[SourceQuality "1"]

1. e4 e6 2. Qe2 b6 3. Nf3 Bb7 4. d3 Be7 5. g3 d6 6. Bg2 Nf6 7. O-O O-O 8. h3 c5
9. c3 e5 10. Na3 Qd7 11. c4 Nc6 12. Nc2 Ne8 13. Ne3 Nd4 14. Nxd4 cxd4 15. Nf5
g6 16. Nxe7+ Qxe7 17. Bh6 Ng7 18. f4 f5 19. fxe5 dxe5 20. exf5 Rxf5 21. Bxg7
Rxf1+ 22. Rxf1 Qxg7 23. Bxb7 Qxb7 24. Qxe5 Qd7 25. Kg2 Re8 26. Qf4 Qb7+ 27. Kg1
Qd7 28. g4 Rd8 29. Qf6 Qe8 30. Rf2 Qe1+ 31. Kg2 Qe8 32. h4 Rd7 33. g5 Qe7 34.
Qf4 Qe8 35. Qf3 Re7 36. Qd5+ Re6 37. Qxd4 Qa8+ 38. Kg3 Qb8+ 39. Qf4 Qe8 40. Rf3
Re2 41. Qf6 Rxb2 42. Qxb2 1-0

[Event "Madrid 2022-2023 ch - Previa A"]
[Site "Madrid ESP"]
[Date "2023.02.13"]
[Round "4.26"]
[White "Balsera Gomez, Antonio"]
[Black "Menendez Domens, Juan Manuel"]
[Result "1-0"]
[WhiteElo "1663"]
[BlackElo "1440"]
[PlyCount "77"]
[EventDate "2023.02.06"]
[EventType "swiss"]
[EventRounds "9"]
[EventCountry "ESP"]
[SourceTitle "Ajedrez en Madrid"]
[Source "lmi"]
[SourceDate "2023.02.06"]
[SourceVersion "1"]
[SourceVersionDate "2023.03.03"]
[SourceQuality "1"]

1. d4 d5 2. Nf3 Nf6 3. e3 b6 4. Bd3 Ba6 5. O-O Bxd3 6. Qxd3 e6 7. b3 Nbd7 8. c4
c6 9. Nbd2 Rc8 10. Bb2 h6 11. Rfd1 Be7 12. Rac1 O-O 13. a3 Re8 14. Ne5 Bd6 15.
cxd5 cxd5 16. Nc6 Rxc6 17. Rxc6 Qb8 18. h3 e5 19. dxe5 Bxe5 20. Rc2 Nc5 21. Qf5
Ncd7 22. Nf3 g6 23. Bxe5 Rxe5 24. Qf4 g5 25. Qh2 Re8 26. Qxb8 Rxb8 27. Rdc1 Nc5
28. b4 Nce4 29. Rc8+ Rxc8 30. Rxc8+ Kg7 31. Ra8 a5 32. bxa5 bxa5 33. Rxa5 Nc3
34. Ne5 Nfe4 35. Ra7 Nd6 36. a4 Kf6 37. Ng4+ Kg6 38. Ra6 Nce4 39. f3 1-0

[Event "Madrid 2022-2023 ch - Previa A"]
[Site "Madrid ESP"]
[Date "2023.02.13"]
[Round "4.27"]
[White "Melero Fernandez, Jose M"]
[Black "Camarero Izquierdo, Juan Carlos"]
[Result "1-0"]
[WhiteElo "1334"]
[BlackElo "1651"]
[PlyCount "193"]
[EventDate "2023.02.06"]
[EventType "swiss"]
[EventRounds "9"]
[EventCountry "ESP"]
[SourceTitle "Ajedrez en Madrid"]
[Source "lmi"]
[SourceDate "2023.02.06"]
[SourceVersion "1"]
[SourceVersionDate "2023.03.03"]
[SourceQuality "1"]

1. e4 c5 2. Nc3 e6 3. f4 Qc7 4. d3 a6 5. a4 d6 6. Nf3 Nd7 7. g3 Ngf6 8. Bg2 Rb8
9. Bd2 b5 10. b3 b4 11. Ne2 a5 12. O-O Bb7 13. Qe1 Be7 14. Be3 O-O 15. h3 Nb6
16. Qf2 d5 17. e5 d4 18. Bd2 Nfd5 19. Rfc1 Nc3 20. g4 f6 21. Ng3 Bxf3 22. Qxf3
fxe5 23. f5 exf5 24. Nxf5 Kh8 25. Qc6 Ne2+ 26. Kh2 Qxc6 27. Bxc6 Nxc1 28. Rxc1
Bf6 29. Be4 g6 30. Ng3 Bh4 31. Be1 Rf7 32. Kg1 Rbf8 33. Bg2 Bg5 34. Rd1 Be3+
35. Kh1 Bf2 36. Ne4 Bxe1 37. Rxe1 Rc7 38. Kg1 h6 39. Nd6 Rd7 40. Ne4 Rc7 41.
Nd6 Nd7 42. Nc4 Ra7 43. Nxe5 Nxe5 44. Rxe5 Rc7 45. Be4 Kg7 46. Re6 Rf6 47. Re5
Kf7 48. Bd5+ Kf8 49. Be4 Rd6 50. Kg2 g5 51. Rf5+ Ke7 52. Kg3 Rf6 53. Re5+ Kd8
54. Rd5+ Kc8 55. Re5 Kb8 56. Re8+ Rc8 57. Re7 Rb6 58. Rf7 Re8 59. Rf5 Rc8 60.
Re5 Ka7 61. Re7+ Ka6 62. Bd5 Rbb8 63. Re6+ Ka7 64. Rxh6 Rb6 65. Rh7+ Kb8 66.
Rg7 Re8 67. Be4 Re5 68. Rg8+ Kc7 69. Rg7+ Kd8 70. Rg8+ Ke7 71. Rg7+ Kf8 72. Ra7
c4 73. Ra8+ Kg7 74. Ra7+ Kf6 75. Rh7 Ree6 76. Rh6+ Ke7 77. Rxe6+ Rxe6 78. bxc4
Rb6 79. c5 Rb8 80. h4 gxh4+ 81. Kxh4 b3 82. cxb3 Rxb3 83. g5 Ra3 84. c6 Rxa4
85. g6 Ra1 86. Kg5 a4 87. g7 Rg1+ 88. Kh6 a3 89. c7 Kd7 90. c8=B+ Kxc8 91. Bd5
Kc7 92. g8=Q Rxg8 93. Bxg8 Kd6 94. Kg5 Kc5 95. Kf4 Kb4 96. Ke5 Kc3 97. Ke4 1-0

[Event "Madrid 2022-2023 ch - Previa A"]
[Site "Madrid ESP"]
[Date "2023.02.13"]
[Round "4.28"]
[White "Ramos Antona, Enrique"]
[Black "Gomez Ramirez, Jorge"]
[Result "0-1"]
[WhiteElo "1565"]
[BlackElo "1298"]
[PlyCount "80"]
[EventDate "2023.02.06"]
[EventType "swiss"]
[EventRounds "9"]
[EventCountry "ESP"]
[SourceTitle "Ajedrez en Madrid"]
[Source "lmi"]
[SourceDate "2023.02.06"]
[SourceVersion "1"]
[SourceVersionDate "2023.03.03"]
[SourceQuality "1"]

1. d4 Nf6 2. c4 e6 3. Nf3 b6 4. g3 Bb7 5. Bg2 d5 6. Ne5 Bb4+ 7. Bd2 Bxd2+ 8.
Nxd2 O-O 9. O-O Nfd7 10. Nd3 Re8 11. e3 Qe7 12. Qc2 c5 13. cxd5 exd5 14. dxc5
Nxc5 15. Nf4 Qe5 16. Nf3 Qe7 17. Nd4 Ne4 18. Rac1 Nd7 19. Rfd1 Rec8 20. Qe2
Ndc5 21. Bh3 Re8 22. Nf5 Qe5 23. Nd3 Nxd3 24. Qxd3 Qxb2 25. Rc2 Qe5 26. Nd4 Nc5
27. Qa3 h5 28. Rcd2 Qf6 29. Bg2 h4 30. Nb5 h3 31. Nc7 hxg2 32. Nxa8 Rxa8 33.
Rd4 Ne4 34. Qb2 Ng5 35. f4 Nf3+ 36. Kxg2 Nxd4 37. Rxd4 Rc8 38. Qd2 Qf5 39. Kg1
Qb1+ 40. Qd1 Rc1 0-1

[Event "Madrid 2022-2023 ch - Previa A"]
[Site "Madrid ESP"]
[Date "2023.02.13"]
[Round "4.30"]
[White "Gonzalez Bolado, David"]
[Black "Becerra Baigorri, Jose"]
[Result "0-1"]
[WhiteElo "1313"]
[BlackElo "1539"]
[PlyCount "94"]
[EventDate "2023.02.06"]
[EventType "swiss"]
[EventRounds "9"]
[EventCountry "ESP"]
[SourceTitle "Ajedrez en Madrid"]
[Source "lmi"]
[SourceDate "2023.02.06"]
[SourceVersion "1"]
[SourceVersionDate "2023.03.03"]
[SourceQuality "1"]

1. e4 e5 2. Nf3 Nc6 3. Bc4 Bc5 4. c3 Nf6 5. d3 d6 6. Bb3 Bg4 7. h3 Bh5 8. Nbd2
h6 9. Nf1 Qd7 10. Ng3 Bg6 11. Nh4 a6 12. Nhf5 Rg8 13. O-O O-O-O 14. Bc2 Ne7 15.
a4 Ba7 16. Be3 Bxe3 17. Nxe3 d5 18. Qe2 Rge8 19. a5 c6 20. b3 Kb8 21. c4 d4 22.
Nd1 c5 23. Nb2 Qc7 24. Qd2 Nc6 25. b4 Nxb4 26. Ba4 Rf8 27. Bc2 Nd7 28. f4 exf4
29. Rxf4 Nxc2 30. Raf1 Nb4 31. Ra1 Ne5 32. Ra3 Nec6 33. Nf5 Bxf5 34. Rxf5 Ne7
35. Rf3 f5 36. Qf2 f4 37. Qh4 Ng6 38. Qh5 Ne5 39. Rf2 Qe7 40. Qe2 Qg5 41. Kf1
Rf6 42. Na4 Rdf8 43. Nxc5 f3 44. gxf3 Rxf3 45. Rxf3 Rxf3+ 46. Ke1 Qc1+ 47. Qd1
Re3+ 0-1

[Event "Madrid 2022-2023 ch - Previa A"]
[Site "Madrid ESP"]
[Date "2023.02.13"]
[Round "4.32"]
[White "Lopez Del Moral Lopez de, Rafael"]
[Black "Calle Trueba, Jose Antonio"]
[Result "1/2-1/2"]
[WhiteElo "1480"]
[BlackElo "1335"]
[PlyCount "70"]
[EventDate "2023.02.06"]
[EventType "swiss"]
[EventRounds "9"]
[EventCountry "ESP"]
[SourceTitle "Ajedrez en Madrid"]
[Source "lmi"]
[SourceDate "2023.02.06"]
[SourceVersion "1"]
[SourceVersionDate "2023.03.03"]
[SourceQuality "1"]

1. d4 d5 2. Nf3 Nf6 3. e3 Bg4 4. Be2 e6 5. Nbd2 Nbd7 6. c4 Be7 7. O-O O-O 8. c5
c6 9. b4 b6 10. Bb2 bxc5 11. dxc5 a5 12. a3 axb4 13. axb4 Qb8 14. Bc3 Bf5 15.
Nd4 Qc7 16. f3 Bg6 17. N2b3 e5 18. Nc2 h6 19. Na5 Nh7 20. Qb1 Bf6 21. Qb2 Rfb8
22. Nb3 e4 23. Rxa8 Rxa8 24. Bxf6 Nhxf6 25. Ncd4 exf3 26. Bxf3 Ne5 27. Ra1
Nxf3+ 28. gxf3 Rxa1+ 29. Qxa1 Qe5 30. Qe1 Bh5 31. Qf2 Nd7 32. Kf1 Qf6 33. f4
Qg6 34. Qg3 Qd3+ 35. Kg2 Nf6 1/2-1/2

[Event "Madrid 2022-2023 ch - Previa A"]
[Site "Madrid ESP"]
[Date "2023.02.13"]
[Round "4.33"]
[White "Soofi Alizadeh, Arash"]
[Black "Rioyo Bailin, Lucas"]
[Result "1-0"]
[WhiteElo "1161"]
[BlackElo "1432"]
[PlyCount "65"]
[EventDate "2023.02.06"]
[EventType "swiss"]
[EventRounds "9"]
[EventCountry "ESP"]
[SourceTitle "Ajedrez en Madrid"]
[Source "lmi"]
[SourceDate "2023.02.06"]
[SourceVersion "1"]
[SourceVersionDate "2023.03.03"]
[SourceQuality "1"]

1. c4 e6 2. g3 Nf6 3. Bg2 d5 4. cxd5 Nxd5 5. Nc3 c6 6. Nf3 Nd7 7. O-O Bd6 8.
Nxd5 cxd5 9. d3 O-O 10. b3 b6 11. Bb2 Bb7 12. e3 Nc5 13. b4 Nd7 14. a3 a5 15.
b5 Nc5 16. Be5 a4 17. Bxd6 Qxd6 18. Ra2 Ra5 19. d4 Ne4 20. Qd3 Rc8 21. Rc2 Rxc2
22. Qxc2 Qxa3 23. Qc7 Ba8 24. Qxb6 Qb4 25. Qd8+ Qf8 26. Qxa5 a3 27. Ra1 Qb8 28.
Rxa3 Bb7 29. b6 Nd6 30. Nd2 h6 31. Rc3 Qd8 32. Bf1 Nc8 33. Rc7 1-0

[Event "Madrid 2022-2023 ch - Previa A"]
[Site "Madrid ESP"]
[Date "2023.02.13"]
[Round "4.34"]
[White "Lopez Manso, Jeronimo"]
[Black "Reina Cascos, Antonio"]
[Result "1-0"]
[WhiteElo "1422"]
[BlackElo "1179"]
[PlyCount "75"]
[EventDate "2023.02.06"]
[EventType "swiss"]
[EventRounds "9"]
[EventCountry "ESP"]
[SourceTitle "Ajedrez en Madrid"]
[Source "lmi"]
[SourceDate "2023.02.06"]
[SourceVersion "1"]
[SourceVersionDate "2023.03.03"]
[SourceQuality "1"]

1. f4 Nf6 2. e3 g6 3. Nf3 Bg7 4. c4 O-O 5. Nc3 d6 6. d4 e6 7. Be2 Nc6 8. O-O b6
9. e4 e5 10. d5 Ne7 11. fxe5 dxe5 12. Nxe5 Nxe4 13. Nxe4 Bxe5 14. Nf6+ Bxf6 15.
Rxf6 Nxd5 16. Rf2 Ne7 17. Bh6 Qxd1+ 18. Rxd1 Re8 19. Bf3 Rb8 20. Bg5 Be6 21.
Rfd2 Kg7 22. b3 f6 23. Bf4 g5 24. Bxc7 Rbc8 25. Bg3 Nf5 26. Bf2 Nh4 27. Bh5 Rf8
28. Rd6 Bf5 29. R1d5 Rc7 30. g3 Bg6 31. Bg4 Be4 32. Rd7+ Rxd7 33. Rxd7+ Rf7 34.
Rxf7+ Kxf7 35. gxh4 h6 36. Bd7 Bb1 37. a3 Ba2 38. Ba4 1-0

[Event "Madrid 2022-2023 ch - Previa A"]
[Site "Madrid ESP"]
[Date "2023.02.13"]
[Round "4.35"]
[White "Moreno Gonzalez, Alvaro"]
[Black "Fernandez Rios, Jose Francisco"]
[Result "0-1"]
[WhiteElo "1306"]
[BlackElo "1680"]
[PlyCount "36"]
[EventDate "2023.02.06"]
[EventType "swiss"]
[EventRounds "9"]
[EventCountry "ESP"]
[SourceTitle "Ajedrez en Madrid"]
[Source "lmi"]
[SourceDate "2023.02.06"]
[SourceVersion "1"]
[SourceVersionDate "2023.03.03"]
[SourceQuality "1"]

1. d4 Nf6 2. c4 e6 3. Nc3 Bb4 4. Nf3 b6 5. a3 Bxc3+ 6. bxc3 d6 7. Bf4 O-O 8. e3
Nc6 9. Bd3 Re8 10. Bg5 h6 11. Bh4 Ba6 12. O-O Na5 13. Qe2 e5 14. dxe5 dxe5 15.
Rfd1 Qe7 16. c5 Bxd3 17. Rxd3 e4 18. Bxf6 Qxf6 0-1

[Event "Madrid 2022-2023 ch - Previa A"]
[Site "Madrid ESP"]
[Date "2023.02.13"]
[Round "4.36"]
[White "De la Villa Ramos, Maria"]
[Black "Gomez Prieto, Alonso"]
[Result "1-0"]
[WhiteElo "1421"]
[BlackElo "1308"]
[PlyCount "117"]
[EventDate "2023.02.06"]
[EventType "swiss"]
[EventRounds "9"]
[EventCountry "ESP"]
[SourceTitle "Ajedrez en Madrid"]
[Source "lmi"]
[SourceDate "2023.02.06"]
[SourceVersion "1"]
[SourceVersionDate "2023.03.03"]
[SourceQuality "1"]

1. e4 e5 2. Nf3 Nc6 3. Bb5 a6 4. Bxc6 dxc6 5. O-O Bd6 6. h3 Nf6 7. Re1 c5 8. c3
O-O 9. d4 cxd4 10. cxd4 Bb4 11. Bd2 Bxd2 12. Qxd2 exd4 13. Qxd4 b6 14. Nc3 Bb7
15. Rad1 Re8 16. Qc4 Qe7 17. Nd5 Nxd5 18. exd5 Qd6 19. Qd3 Rxe1+ 20. Rxe1 Qxd5
21. Qe2 h6 22. b3 Qa5 23. Rd1 Rf8 24. Rd7 Bxf3 25. Qxf3 Qxa2 26. Rxc7 Qa1+ 27.
Kh2 Qe5+ 28. Qg3 Qxg3+ 29. Kxg3 Rd8 30. Rc3 Rd6 31. b4 Kh7 32. f4 g5 33. f5 Rd5
34. Rc6 Rb5 35. Kg4 Rxb4+ 36. Kf3 a5 37. g3 a4 38. Rc7 Kg7 39. Ra7 b5 40. Ra6
Rb3+ 41. Kg4 a3 42. h4 b4 43. f6+ Kg6 44. h5+ Kh7 45. Ra7 Rb2 46. Rxf7+ Kg8 47.
Ra7 a2 48. Kf5 Kf8 49. Kg6 Ke8 50. f7+ Kf8 51. Ra8+ Ke7 52. Kg7 Rf2 53. Ra7+
Kd6 54. Rxa2 Rf3 55. f8=Q+ Rxf8 56. Kxf8 Ke5 57. Rf2 Ke4 58. Kg7 Ke3 59. Rb2
1-0

[Event "Madrid 2022-2023 ch - Previa A"]
[Site "Madrid ESP"]
[Date "2023.02.13"]
[Round "4.37"]
[White "Cobos Ramos, Antonio"]
[Black "Morales Clares, Aaron"]
[Result "0-1"]
[WhiteElo "1163"]
[BlackElo "1324"]
[PlyCount "80"]
[EventDate "2023.02.06"]
[EventType "swiss"]
[EventRounds "9"]
[EventCountry "ESP"]
[SourceTitle "Ajedrez en Madrid"]
[Source "lmi"]
[SourceDate "2023.02.06"]
[SourceVersion "1"]
[SourceVersionDate "2023.03.03"]
[SourceQuality "1"]

1. e4 c5 2. Nf3 d6 3. Nc3 Nf6 4. d4 cxd4 5. Nxd4 g6 6. Bb5+ Bd7 7. O-O Bg7 8.
Qd3 O-O 9. Bg5 Qb6 10. Na4 Qc7 11. c3 a6 12. Bxd7 Nbxd7 13. f3 b5 14. Nxb5 axb5
15. Qxb5 Qa7+ 16. Kh1 Qxa4 17. Qe2 Rab8 18. b3 Qb5 19. Qd2 Ne5 20. c4 Qb4 21.
Qe3 Rfe8 22. h3 Nh5 23. Bh4 Nxc4 24. bxc4 Bxa1 25. Rxa1 Qxc4 26. Qg5 Qc3 27.
Rc1 Qf6 28. Qg4 Qf4 29. Rd1 Qxg4 30. hxg4 Nf4 31. g3 Ne2 32. Rd2 Nc3 33. Rc2
Rec8 34. Bxe7 Nb5 35. Rd2 Rb6 36. a4 Na7 37. Bxd6 Ra6 38. Rd4 Nb5 39. axb5 Ra1+
40. Kh2 Rc2+ 0-1

[Event "Madrid 2022-2023 ch - Previa A"]
[Site "Madrid ESP"]
[Date "2023.02.14"]
[Round "5.2"]
[White "Ruiz Bellon, Manuel"]
[Black "Vukotic Jovsic, Dragan"]
[Result "0-1"]
[WhiteElo "1950"]
[BlackElo "1746"]
[PlyCount "34"]
[EventDate "2023.02.06"]
[EventType "swiss"]
[EventRounds "9"]
[EventCountry "ESP"]
[SourceTitle "Ajedrez en Madrid"]
[Source "lmi"]
[SourceDate "2023.02.06"]
[SourceVersion "1"]
[SourceVersionDate "2023.03.03"]
[SourceQuality "1"]

1. Nf3 e6 2. d4 d5 3. e3 c5 4. c3 Nf6 5. Bd3 Bd6 6. O-O O-O 7. Nbd2 Nc6 8. Qe2
e5 9. dxe5 Nxe5 10. Nxe5 Bxe5 11. e4 Qc7 12. g3 Bg4 13. f3 Bh3 14. Re1 Bxg3 15.
e5 Bxe1 16. exf6 Rfe8 17. Qd1 Bf2+ 0-1

[Event "Madrid 2022-2023 ch - Previa A"]
[Site "Madrid ESP"]
[Date "2023.02.14"]
[Round "5.3"]
[White "Garcia Gonzalez, Pedro A."]
[Black "Moreno Torrero, Javier"]
[Result "0-1"]
[WhiteElo "1725"]
[BlackElo "1889"]
[PlyCount "68"]
[EventDate "2023.02.06"]
[EventType "swiss"]
[EventRounds "9"]
[EventCountry "ESP"]
[SourceTitle "Ajedrez en Madrid"]
[Source "lmi"]
[SourceDate "2023.02.06"]
[SourceVersion "1"]
[SourceVersionDate "2023.03.03"]
[SourceQuality "1"]

1. d4 Nf6 2. Nf3 g6 3. Nbd2 d5 4. e3 Bg7 5. b4 O-O 6. Bb2 c6 7. c4 a5 8. b5
Nbd7 9. Be2 dxc4 10. Bxc4 cxb5 11. Bxb5 Nb6 12. O-O Bd7 13. Bxd7 Qxd7 14. Qb3
Nbd5 15. Ne5 Qd8 16. Ba3 b6 17. e4 Nf4 18. Qe3 Qxd4 19. Qxd4 Ne2+ 20. Kh1 Nxd4
21. Rad1 Nxe4 22. Ndc4 Nc2 23. Bxe7 Rfe8 24. Nxb6 Bxe5 25. Nxa8 Rxe7 26. Rd8+
Kg7 27. f3 Nc3 28. g3 Nxa2 29. Nb6 Bc7 30. Rd7 Rxd7 31. Nxd7 a4 32. Nc5 a3 33.
Nb3 Nab4 34. Rc1 Be5 0-1

[Event "Madrid 2022-2023 ch - Previa A"]
[Site "Madrid ESP"]
[Date "2023.02.14"]
[Round "5.4"]
[White "Martin-Buitrago Lopez, Antonio"]
[Black "Rodriguez Garcia, Jose Maria"]
[Result "1/2-1/2"]
[WhiteElo "1705"]
[BlackElo "1977"]
[PlyCount "106"]
[EventDate "2023.02.06"]
[EventType "swiss"]
[EventRounds "9"]
[EventCountry "ESP"]
[SourceTitle "Ajedrez en Madrid"]
[Source "lmi"]
[SourceDate "2023.02.06"]
[SourceVersion "1"]
[SourceVersionDate "2023.03.03"]
[SourceQuality "1"]

1. e4 c6 2. d4 d5 3. exd5 cxd5 4. Bd3 Nc6 5. c3 Qc7 6. Bg5 g6 7. Bh4 Bg7 8. Bg3
Qb6 9. Qb3 Qxb3 10. axb3 Nh6 11. Nf3 O-O 12. b4 e5 13. dxe5 Ng4 14. O-O Ncxe5
15. Nxe5 Nxe5 16. Rd1 Nxd3 17. Rxd3 d4 18. Ra3 Bf5 19. Rd1 Bc2 20. Rc1 Rfe8 21.
Kf1 d3 22. Bf4 Rad8 23. Be3 a6 24. Nd2 f5 25. g3 h6 26. Ra5 Re6 27. Re1 Rde8
28. Raa1 g5 29. Bc5 Kf7 30. Rxe6 Rxe6 31. Be3 g4 32. Ra5 Kg6 33. Rd5 h5 34. Nc4
Bb3 35. Rc5 Bxc4 36. Rxc4 Rd6 37. Ke1 b5 38. Rc8 Bf6 39. Kd2 h4 40. Rg8+ Kf7
41. Rb8 hxg3 42. hxg3 Be5 43. Rb6 Rxb6 44. Bxb6 Ke6 45. Kxd3 Kd5 46. b3 Kc6 47.
Be3 Bc7 48. Bd4 a5 49. bxa5 Bxa5 50. b4 Bc7 51. Ke3 Kd5 52. Kd3 Bd6 53. Bh8 Bc7
1/2-1/2

[Event "Madrid 2022-2023 ch - Previa A"]
[Site "Madrid ESP"]
[Date "2023.02.14"]
[Round "5.5"]
[White "Garcia Fernandez, Jesus"]
[Black "Esteban Amo, Jose M."]
[Result "1-0"]
[WhiteElo "1910"]
[BlackElo "1788"]
[PlyCount "69"]
[EventDate "2023.02.06"]
[EventType "swiss"]
[EventRounds "9"]
[EventCountry "ESP"]
[SourceTitle "Ajedrez en Madrid"]
[Source "lmi"]
[SourceDate "2023.02.06"]
[SourceVersion "1"]
[SourceVersionDate "2023.03.03"]
[SourceQuality "1"]

1. e4 c5 2. Nf3 g6 3. d4 cxd4 4. Qxd4 Nf6 5. Nc3 Nc6 6. Qa4 d6 7. e5 dxe5 8.
Nxe5 Bd7 9. Nxd7 Qxd7 10. Be3 Bg7 11. Rd1 Qc8 12. Be2 O-O 13. O-O Rd8 14. h3
Qe6 15. Nb5 Qe5 16. Bf3 a6 17. Nd4 Nxd4 18. Rxd4 Rxd4 19. Qxd4 Qc7 20. c3 Nd7
21. Qb4 Rb8 22. Qxe7 Bf8 23. Qg5 b5 24. Rd1 Rc8 25. Bg4 h6 26. Qh4 f5 27. Bf3
Kh7 28. Qd4 Rd8 29. Qd5 Bg7 30. Qf7 Kh8 31. Qxg6 Ne5 32. Rxd8+ Qxd8 33. Qxf5
Nxf3+ 34. Qxf3 a5 35. Qg4 1-0

[Event "Madrid 2022-2023 ch - Previa A"]
[Site "Madrid ESP"]
[Date "2023.02.14"]
[Round "5.6"]
[White "Arevillca Colque, Jonatan"]
[Black "Marin Aso, Jose Luis"]
[Result "1/2-1/2"]
[WhiteElo "1765"]
[BlackElo "1865"]
[PlyCount "114"]
[EventDate "2023.02.06"]
[EventType "swiss"]
[EventRounds "9"]
[EventCountry "ESP"]
[SourceTitle "Ajedrez en Madrid"]
[Source "lmi"]
[SourceDate "2023.02.06"]
[SourceVersion "1"]
[SourceVersionDate "2023.03.03"]
[SourceQuality "1"]

1. e4 c5 2. d4 cxd4 3. c3 Nf6 4. e5 Nd5 5. Nf3 d6 6. Bc4 dxe5 7. Nxe5 Nc6 8.
Nxf7 Kxf7 9. Qf3+ Kg8 10. Qxd5+ Qxd5 11. Bxd5+ e6 12. Bb3 dxc3 13. Nxc3 Nd4 14.
Be3 Nxb3 15. axb3 Bd7 16. Rxa7 Rxa7 17. Bxa7 Bc6 18. O-O Be7 19. Bb6 Kf7 20.
Rd1 Ra8 21. h3 Ra6 22. Bd8 Bxd8 23. Rxd8 Rb6 24. Rd2 Rxb3 25. f3 Ke7 26. Kf2
Kf6 27. Ke3 Ke5 28. f4+ Kf6 29. g3 Rb4 30. g4 Rb3 31. Kd3 Rb4 32. Rf2 g6 33.
g5+ Kf5 34. Ke3 e5 35. fxe5+ Kxe5 36. Rh2 Rh4 37. Ne2 Kf5 38. Nd4+ Kxg5 39.
Nxc6 bxc6 40. Kf3 Rb4 41. Rc2 Kh4 42. Kg2 g5 43. Kh2 h6 44. Kg2 h5 45. Kh2 Rb3
46. Rc4+ g4 47. hxg4 hxg4 48. Rc2 c5 49. Kg2 c4 50. Kh2 Rd3 51. Kg2 Rb3 52. Kh2
Rd3 53. Kg2 Rb3 54. Kh2 Rd3 55. Kg2 Rb3 56. Kh2 Rd3 57. Kg2 Rb3 1/2-1/2

[Event "Madrid 2022-2023 ch - Previa A"]
[Site "Madrid ESP"]
[Date "2023.02.14"]
[Round "5.7"]
[White "Martin-Consuegra Barrilero, Francisco Javier"]
[Black "Alvarez Abejon, Amilcar"]
[Result "0-1"]
[WhiteElo "1665"]
[BlackElo "1863"]
[PlyCount "56"]
[EventDate "2023.02.06"]
[EventType "swiss"]
[EventRounds "9"]
[EventCountry "ESP"]
[SourceTitle "Ajedrez en Madrid"]
[Source "lmi"]
[SourceDate "2023.02.06"]
[SourceVersion "1"]
[SourceVersionDate "2023.03.03"]
[SourceQuality "1"]

1. Nf3 d5 2. g3 g6 3. Bg2 Bg7 4. c4 dxc4 5. Qa4+ c6 6. Qxc4 e5 7. d3 Ne7 8. O-O
O-O 9. Bg5 h6 10. Bd2 Nf5 11. Qc1 Kh7 12. Nc3 Na6 13. Ne4 Nd4 14. Re1 Qe7 15.
e3 Nxf3+ 16. Bxf3 f5 17. Nc3 Nc5 18. Be2 Be6 19. b4 Nd7 20. Rb1 Nf6 21. f4 exf4
22. exf4 Nd5 23. Nxd5 Bxd5 24. Bf3 Qd7 25. Bxd5 Qxd5 26. Rb3 Rae8 27. Rxe8 Rxe8
28. Be3 Rxe3 0-1

[Event "Madrid 2022-2023 ch - Previa A"]
[Site "Madrid ESP"]
[Date "2023.02.14"]
[Round "5.8"]
[White "Sprenger de la Iglesia, Yevgeni"]
[Black "De Luna Butz, Alberto"]
[Result "1/2-1/2"]
[WhiteElo "1823"]
[BlackElo "1665"]
[PlyCount "84"]
[EventDate "2023.02.06"]
[EventType "swiss"]
[EventRounds "9"]
[EventCountry "ESP"]
[SourceTitle "Ajedrez en Madrid"]
[Source "lmi"]
[SourceDate "2023.02.06"]
[SourceVersion "1"]
[SourceVersionDate "2023.03.03"]
[SourceQuality "1"]

1. d4 e6 2. c4 Nf6 3. g3 Bb4+ 4. Nd2 c5 5. a3 Bxd2+ 6. Qxd2 cxd4 7. Nf3 Nc6 8.
Nxd4 O-O 9. Nxc6 dxc6 10. Bg2 Qe7 11. O-O Rd8 12. Qc2 Bd7 13. Rd1 b6 14. Bd2
Rac8 15. b4 c5 16. b5 Rc7 17. Bc3 e5 18. a4 Re8 19. a5 Bc8 20. axb6 axb6 21.
Ra4 Bb7 22. e4 Rd7 23. Rxd7 Qxd7 24. Ra1 Qe6 25. Bb2 Rf8 26. Ra7 Bc8 27. Ra1 h6
28. Bf3 Bb7 29. Re1 Nd7 30. Rd1 Ra8 31. Qd3 Nf6 32. Ra1 Rxa1+ 33. Bxa1 Nd7 34.
Kg2 f6 35. h3 Qe7 36. g4 Nf8 37. Kg3 Ne6 38. Bc3 Nf4 39. Qc2 Qd6 40. Bd2 g5 41.
Be3 Qd3 42. Qxd3 Nxd3 1/2-1/2

[Event "Madrid 2022-2023 ch - Previa A"]
[Site "Madrid ESP"]
[Date "2023.02.14"]
[Round "5.9"]
[White "Metola Arias, Mario"]
[Black "Garcia Galeote, Lorenzo"]
[Result "0-1"]
[WhiteElo "1498"]
[BlackElo "1900"]
[PlyCount "70"]
[EventDate "2023.02.06"]
[EventType "swiss"]
[EventRounds "9"]
[EventCountry "ESP"]
[SourceTitle "Ajedrez en Madrid"]
[Source "lmi"]
[SourceDate "2023.02.06"]
[SourceVersion "1"]
[SourceVersionDate "2023.03.03"]
[SourceQuality "1"]

1. e4 Nc6 2. d4 d5 3. Nc3 Nf6 4. e5 Nd7 5. Nxd5 Ndb8 6. Nc3 Qxd4 7. Qxd4 Nxd4
8. Bd3 Bf5 9. Bxf5 Nxf5 10. Nge2 Nc6 11. Bf4 O-O-O 12. Rd1 Rxd1+ 13. Kxd1 e6
14. Kc1 Be7 15. g4 Nfd4 16. Nxd4 Nxd4 17. Be3 Nf3 18. Bf4 g5 19. Bg3 h5 20. h3
hxg4 21. Ne2 gxh3 22. Ng1 Nxg1 23. Rxg1 g4 24. Bh2 Bc5 25. Rxg4 Bxf2 26. Rg7
Be3+ 27. Kd1 Rd8+ 28. Ke2 Rd2+ 29. Kxe3 Rxh2 30. Rxf7 Rxc2 31. Rh7 h2 32. Kf3
Rxb2 33. Kg4 Rxa2 34. Kg5 Rf2 35. Kg6 b5 0-1